[Event "Moscow-ch final"]
[Site "Moscow"]
[Date "2019.04.06"]
[Round "8"]
[White "Yarygin, Maksim"]
[Black "Zverev, Lev"]
[Result "1-0"]
[WhiteElo "2204"]
[BlackElo "1703"]
[PlyCount "195"]
[EventDate "2019.03.30"]
[EventType "swiss"]
[EventRounds "9"]
[EventCountry "RUS"]
[SourceTitle "CBM 189 Extra"]
[Source "ChessBase"]
[SourceDate "2019.06.03"]
[SourceVersion "1"]
[SourceVersionDate "2019.06.03"]
[SourceQuality "1"]

1. e4 e5 2. Nc3 Nf6 3. Nf3 Nc6 4. g3 d5 5. exd5 Nxd5 6. Bg2 Nxc3 7. bxc3 Bc5 8. 0-0 0-0 9. d3 Bb6 10. Qe1 Re8 11. Qe4 Qf6 12. Ng5 Bf5 13. Qa4 h6 14. Ne4 Qe6 15. Be3 Bh3 16. Nc5 Bxc5 17. Bxh3 Qxh3 18. Bxc5 e4 19. d4 Rad8 20. Qc4 Qh5 21. Rae1 Re6 22. Qe2 Qf5 23. Kg2 b6 24. Ba3 Qa5 25. Bb2 Qxa2 26. Rb1 Na5 27. Ba1 Qc4 28. Rfe1 Qc6 29. Qb5 Qxb5 30. Rxb5 c6 31. Rb4 b5 32. Rbb1 Nc4 33. Bb2 a5 34. Bc1 Rde8 35. Ra1 a4 36. h4 f5 37. Be3 Kf7 38. Reb1 Rd8 39. Rb4 Rd5 40. Rxc4 bxc4 41. Rxa4 Rb5 42. Rxc4 Rb2 43. Rc5 Rf6 44. d5 cxd5 45. Rxd5 Rxc2 46. Bd4 Re6 47. Kh3 g6 48. h5 gxh5 49. Rxf5+ Kg6 50. Rf8 Re7 51. Rf6+ Kh7 52. Rc6 Rd7 53. Be3 Rd3 54. Rxh6+ Kg7 55. Re6 Rcxc3 56. Rxe4 Rc6 57. Re5 Rd1 58. Kg2 Rc2 59. Rxh5 Rd6 60. g4 Rc4 61. Kg3 Re6 62. Rf5 Kg6 63. Rd5 Rc3 64. Kf3 Rf6+ 65. Kg2 Re6 66. Bd2 Rc2 67. Kg3 Rc4 68. f3 Rb6 69. f4 Rb3+ 70. Kh4 Rb7 71. f5+ Kf7 72. Kh5 Rcc7 73. Bf4 Rd7 74. Ra5 Rd4 75. Be5 Rd1 76. Ra6 Re7 77. Bf6 Red7 78. Be5 Re7 79. Bf4 Rd5 80. Kg5 Red7 81. Rf6+ Kg8 82. Kh5 Rf7 83. Rg6+ Kh7 84. Rh6+ Kg8 85. Ra6 Rfd7 86. Bh6 R7d6 87. Ra7 Rd7 88. Ra8+ Rd8 89. Ra4 Rd4 90. Ra2 R8d6 91. g5 R4d5 92. Rf2 Kf7 93. f6 Rd7 94. Bg7 Kg8 95. Kh6 R5d6 96. Ra2 Rd2 97. Ra8+ Rd8 98. Kg6 1-0

[Event "Moscow-ch final"]
[Site "Moscow"]
[Date "2019.04.01"]
[Round "3"]
[White "Bezhenar, Georgy"]
[Black "Yarygin, Maksim"]
[Result "0-1"]
[WhiteElo "1953"]
[BlackElo "2204"]
[PlyCount "70"]
[EventDate "2019.03.30"]
[EventType "swiss"]
[EventRounds "9"]
[EventCountry "RUS"]
[SourceTitle "CBM 189 Extra"]
[Source "ChessBase"]
[SourceDate "2019.06.03"]
[SourceVersion "1"]
[SourceVersionDate "2019.06.03"]
[SourceQuality "1"]

1. d4 Nf6 2. c4 g6 3. Nc3 d5 4. Qb3 c6 5. cxd5 Nxd5 6. e4 Nxc3 7. Bc4 Nd5 8. exd5 b5 9. Be2 Qxd5 10. Qxd5 cxd5 11. Bxb5+ Bd7 12. Be2 Nc6 13. Nf3 Bg7 14. Be3 0-0 15. h3 Nb4 16. Kd2 Rfc8 17. Rhc1 Rxc1 18. Rxc1 Nxa2 19. Rc7 Bf5 20. Rxe7 Rb8 21. b3 Bf8 22. Bf4 Rxb3 23. Re8 Kg7 24. Bh6+ Kxh6 25. Rxf8 Rb2+ 26. Ke3 Nc3 27. Nd2 Kg7 28. Ra8 Ra2 29. g4 Be6 30. Bd3 Nd1+ 31. Ke2 Nc3+ 32. Ke3 Nd1+ 33. Ke2 Nxf2 34. Bb1 Rb2 35. Rxa7 Nxh3 0-1

[Event "RUS-chT U14"]
[Site "Sochi"]
[Date "2016.05.02"]
[Round "2.3"]
[White "Shinkevich, Maksim"]
[Black "Yarygin, Maksim"]
[Result "1-0"]
[WhiteElo "1940"]
[BlackElo "1930"]
[PlyCount "53"]
[EventDate "2016.05.01"]
[EventType "team-tourn"]
[EventRounds "9"]
[EventCountry "RUS"]
[SourceTitle "EXT 2018"]
[Source "ChessBase"]
[SourceDate "2017.10.13"]
[SourceVersion "1"]
[SourceVersionDate "2017.10.13"]
[SourceQuality "1"]

1. d4 Nf6 2. c4 g6 3. Nc3 d5 4. cxd5 Nxd5 5. e4 Nxc3 6. bxc3 Bg7 7. Bc4 c5 8. Ne2 0-0 9. 0-0 Nc6 10. Be3 Bg4 11. f3 Bd7 12. Qd2 Qc7 13. Rac1 Rfd8 14. Bf4 Qc8 15. Qe3 e6 16. Rfd1 Re8 17. e5 Na5 18. Bd3 a6 19. Ng3 Bc6 20. dxc5 Bf8 21. Qf2 Ba4 22. Ne4 Bxd1 23. Nf6+ Kh8 24. Qh4 h5 25. Nxh5 Bxc5+ 26. Kh1 Bf2 27. Qf6+ 1-0

[Event "RUS-chT U14"]
[Site "Sochi"]
[Date "2015.05.05"]
[Round "5.2"]
[White "German, Nikita"]
[Black "Yarygin, Maksim"]
[Result "1-0"]
[WhiteElo "2013"]
[BlackElo "1860"]
[PlyCount "57"]
[EventDate "2015.05.01"]
[EventType "team-swiss"]
[EventRounds "7"]
[EventCountry "RUS"]
[SourceTitle "EXT 2018"]
[Source "ChessBase"]
[SourceDate "2017.10.13"]
[SourceVersion "1"]
[SourceVersionDate "2017.10.13"]
[SourceQuality "1"]

1. e4 c5 2. Nf3 d6 3. d4 cxd4 4. Nxd4 Nf6 5. Nc3 g6 6. Be2 Bg7 7. Be3 Nc6 8. Nb3 0-0 9. 0-0 Be6 10. f4 Qc8 11. h3 Nd7 12. Rc1 Rd8 13. f5 Bxb3 14. cxb3 Nc5 15. Nd5 e6 16. f6 exd5 17. fxg7 Nxe4 18. Qxd5 Qe6 19. Bc4 Ne5 20. Qxe6 fxe6 21. Bxe6+ Kxg7 22. Rc7+ Kh8 23. Bh6 Rg8 24. Bxg8 Kxg8 25. Rxb7 Nc5 26. Re7 a5 27. Be3 Ncd7 28. Re6 Ra6 29. Bh6 1-0